| 000 | 00863nam a22002417a 4500 | ||
|---|---|---|---|
| 999 |
_c8272 _d8272 |
||
| 001 | 21785 | ||
| 003 | BD-DhUAP | ||
| 005 | 20230604122344.0 | ||
| 008 | 230405b2010 ii a|||| |||| 00| 0 eng d | ||
| 020 | _a9781107400542 | ||
| 040 |
_aDLC _bEng _cBD-DhUAP _dBD-DhUAP |
||
| 082 |
_220 _a808.06665 JON |
||
| 100 |
_aJones, Leo, _d1943- |
||
| 245 |
_aNew international business English : _bcommunication skills in English for business purposes / _c Leo Jones, Richard Alexander. Student's Book. |
||
| 250 | _aNew ed. | ||
| 260 |
_aNew Delhi ; _bCambridge University Press, _c2010 |
||
| 300 |
_a176 p. : _bill., maps , cd ; _c28cm. |
||
| 650 |
_aEnglish language _vTextbooks for foreign speakers. |
||
| 650 |
_aEnglish language _x Business English. _vStudent's Book |
||
| 700 |
_a Jones, Leo, | _d1943- |
||
| 700 |
_aAlexander, Richard J. _d 1945- |
||
| 942 |
_2ddc _cBK |
||